000 00286nam a2200133Ia 4500
001 12070
003 GE_BSU
008 181216s||||||||xx |||||||||||||| ||und||
040 _cGE_BSU
100 _aCookson,Catherine.
245 2 _aA Ruthless need
653 _aA Ruthless need
942 _cBK
999 _c45247
_d45247